Statistics for Countries by Land Border Outlines #1

Click here to take the quiz!

General Stats

  • This quiz has been taken 574 times
  • The average score is 8 of 16

Answer Stats

Answer% Correct
India
96%
Egypt
86%
Ivory Coast
65%
Tunisia
65%
Colombia
63%
Thailand
61%
Vietnam
50%
Italy
49%
Norway
45%
Latvia
41%
Turkey
38%
North Korea
36%
Papua New Guinea
35%
Eritrea
31%
Lebanon
22%
Greece
15%

Score Distribution

Percentile by Number Answered

Percent of People with Each Score

Your Score History

You have not taken this quiz